<?xml version="1.0" encoding="UTF-8"?><?xml-stylesheet type="text/xsl" href="static/style.xsl"?><OAI-PMH xmlns="http://www.openarchives.org/OAI/2.0/" xmlns:xsi="http://www.w3.org/2001/XMLSchema-instance" xsi:schemaLocation="http://www.openarchives.org/OAI/2.0/ http://www.openarchives.org/OAI/2.0/OAI-PMH.xsd"><responseDate>2026-04-26T08:16:42Z</responseDate><request verb="GetRecord" identifier="oai:uvadoc.uva.es:10324/65321" metadataPrefix="marc">https://uvadoc.uva.es/oai/request</request><GetRecord><record><header><identifier>oai:uvadoc.uva.es:10324/65321</identifier><datestamp>2025-02-13T09:52:37Z</datestamp><setSpec>com_10324_1158</setSpec><setSpec>com_10324_931</setSpec><setSpec>com_10324_894</setSpec><setSpec>col_10324_1242</setSpec></header><metadata><record xmlns="http://www.loc.gov/MARC21/slim" xmlns:doc="http://www.lyncode.com/xoai" xmlns:xsi="http://www.w3.org/2001/XMLSchema-instance" xmlns:dcterms="http://purl.org/dc/terms/" xsi:schemaLocation="http://www.loc.gov/MARC21/slim http://www.loc.gov/standards/marcxml/schema/MARC21slim.xsd">
<leader>00925njm 22002777a 4500</leader>
<datafield tag="042" ind1=" " ind2=" ">
<subfield code="a">dc</subfield>
</datafield>
<datafield tag="720" ind1=" " ind2=" ">
<subfield code="a">Weissker, Hans-Christian</subfield>
<subfield code="e">author</subfield>
</datafield>
<datafield tag="720" ind1=" " ind2=" ">
<subfield code="a">Huotari, Simo</subfield>
<subfield code="e">author</subfield>
</datafield>
<datafield tag="720" ind1=" " ind2=" ">
<subfield code="a">Bruneval, Fabien</subfield>
<subfield code="e">author</subfield>
</datafield>
<datafield tag="720" ind1=" " ind2=" ">
<subfield code="a">Sottile, Francesco</subfield>
<subfield code="e">author</subfield>
</datafield>
<datafield tag="720" ind1=" " ind2=" ">
<subfield code="a">Monaco, Giulio</subfield>
<subfield code="e">author</subfield>
</datafield>
<datafield tag="720" ind1=" " ind2=" ">
<subfield code="a">Krisch, Michael</subfield>
<subfield code="e">author</subfield>
</datafield>
<datafield tag="720" ind1=" " ind2=" ">
<subfield code="a">Olevano, Valerio</subfield>
<subfield code="e">author</subfield>
</datafield>
<datafield tag="720" ind1=" " ind2=" ">
<subfield code="a">Reining, Lucia</subfield>
<subfield code="e">author</subfield>
</datafield>
<datafield tag="720" ind1=" " ind2=" ">
<subfield code="a">Serrano Gutiérrez, Jorge</subfield>
<subfield code="e">author</subfield>
</datafield>
<datafield tag="260" ind1=" " ind2=" ">
<subfield code="c">2006</subfield>
</datafield>
<datafield tag="520" ind1=" " ind2=" ">
<subfield code="a">We present an investigation of the dynamic structure factor and of the dielectric function εM(Q,ω) of the prototypical semiconductor silicon for finite momentum transfer, combining inelastic x-ray scattering experiments and ab initio calculations. In contrast with optical spectra, for finite momentum transfer time-dependent density-functional theory in the adiabatic local-density approximation together with lifetime broadening describes the physics of valence excitations correctly. Major structures in the spectra, governed by short-range crystal and exchange-correlation local-field effects, are strongly influenced by a mixing of transitions of positive and negative energies, in striking difference to spectra for vanishing momentum transfer. This mixing gives rise to a pronounced Fano asymmetry.</subfield>
</datafield>
<datafield tag="024" ind2=" " ind1="8">
<subfield code="a">Phys. Rev. Lett. 97, 237602 (2006)</subfield>
</datafield>
<datafield tag="024" ind2=" " ind1="8">
<subfield code="a">0031-9007</subfield>
</datafield>
<datafield tag="024" ind2=" " ind1="8">
<subfield code="a">https://uvadoc.uva.es/handle/10324/65321</subfield>
</datafield>
<datafield tag="024" ind2=" " ind1="8">
<subfield code="a">10.1103/PhysRevLett.97.237602</subfield>
</datafield>
<datafield tag="024" ind2=" " ind1="8">
<subfield code="a">23</subfield>
</datafield>
<datafield tag="024" ind2=" " ind1="8">
<subfield code="a">Physical Review Letters</subfield>
</datafield>
<datafield tag="024" ind2=" " ind1="8">
<subfield code="a">97</subfield>
</datafield>
<datafield tag="024" ind2=" " ind1="8">
<subfield code="a">1079-7114</subfield>
</datafield>
<datafield tag="245" ind1="0" ind2="0">
<subfield code="a">Signatures of Short-Range Many-Body Effects in the Dielectric Function of Silicon for Finite Momentum Transfer</subfield>
</datafield>
</record></metadata></record></GetRecord></OAI-PMH>